000 00758nam a2200205Ii 4500
003 JO-AjNU
008 230605s9999||||xx |||||||||||||| ||und||
017 _a663
040 _aJO-AjNU
_bara
_erda
_cJO-AjNU
041 _aara
050 1 4 _aSB734 1983
100 3 _aالوكيل ، محمد عبدالرحمن/ م مشارك تركي بيدر تجرة ,
_eauthor
_919313
245 0 0 _aامراض النبات المتسببة عن البكتيريا-الميكوبلازما-السبيروبلازما
264 3 1 _aالموصل:وزارة التعليم العالي ، 1983
300 _a190ص
336 _atext
_btxt
_2rdacontent
337 _aunmediated
_bn
_2rdamedia
338 _avolume
_bnc
_2rdacarrier
650 4 _aامراض النبات
_919314
999 _aA6348
_c9916
_d9916